000 00553nam 22002173 4500
001 198886
010 _a972-610-375-4
021 _aPT
_b162199/01
090 _a198886
100 _a20251106d u||y0pory50 ba
200 _aOs dinossauros
205 _a
210 _aPorto
_cCampo das Letras
_d2001
215 _a120 p.
_cil. ; encadernado
_d18 cm
225 _aA minha primeira enciclopédia Larousse
606 _aPré-História
_93855
610 _aDinossauros
675 _a903
_vPT
_zpor
801 _aPT
_bBMMN
_gRPC
830 _cIsabel
990 _cLIVROS